Vocabulario de la fraseolojía del verbo echar

Uloženo v:
Podrobná bibliografie
Hlavní autor: Solar, Fidelis P. del (Autor)
Médium: Kniha
Jazyk:španělština
Vydáno: Santiago Imprenta de El Progreso 1889
Vydání:1a. ed
Témata:
Tagy: Přidat tag
Žádné tagy, Buďte první, kdo vytvoří štítek k tomuto záznamu!

MARC

LEADER 00000nam a2200000 a 4500
001 UCJ5846
003 CL-VaPUC
008 070124e18890000CL |||||||||||||||||spa|d
082 0 4 |a 463  |b SOL  |2 21 
100 0 |a Solar, Fidelis P. del  |e author  |9 511682 
245 1 0 |a Vocabulario de la fraseolojía del verbo echar 
250 |a 1a. ed 
300 |a 116 p 
942 |c BK 
945 |d 20070124 00:00:00  |a rinostro 
260 |a Santiago  |b Imprenta de El Progreso  |c 1889 
500 |a Advierte errata 
650 0 |a Lenguaje y lenguas  |9 265846 
650 0 |a Verbos  |9 310738 
650 7 |a GRAMATICA CASTELLANA  |2 CL-VaPUC  |9 511683 
650 7 |a PAREMIOLOGIA  |2 CL-VaPUC  |9 504587 
650 7 |a REFRANES  |2 CL-VaPUC  |9 373405 
583 |a last modification  |c 20070124 00:00:00  |k Rodrigo Vera 
999 |c 321954  |d 321952 
952 |0 0  |1 0  |4 0  |6 463_000000000000000_SOL_1889  |7 0  |8 X  |9 400847  |a FDOBUD  |b FDOBUD  |d 2019-11-22  |i 1040413  |o 463 SOL 1889  |p 1040413  |r 2019-11-22  |w 2019-11-22  |y BK_X  |k BUD